Urbanization, policing, and security : (Record no. 14219)

000 -LEADER
fixed length control field 01327cam a2200349 a 4500
001 - CONTROL NUMBER
control field 15730045
005 - DATE AND TIME OF LATEST TRANSACTION
control field 20170105102850.0
008 - FIXED-LENGTH DATA ELEMENTS--GENERAL INFORMATION
fixed length control field 090508s2010 fluab b 001 0 eng
010 ## - LIBRARY OF CONGRESS CONTROL NUMBER
LC control number 2009018491
015 ## - NATIONAL BIBLIOGRAPHY NUMBER
National bibliography number GBA952214
Source bnb
016 7# - NATIONAL BIBLIOGRAPHIC AGENCY CONTROL NUMBER
Record control number 015266212
Source Uk
020 ## - INTERNATIONAL STANDARD BOOK NUMBER
International Standard Book Number 9781420085570 (hc)
020 ## - INTERNATIONAL STANDARD BOOK NUMBER
International Standard Book Number 1420085573
035 ## - SYSTEM CONTROL NUMBER
System control number (OCoLC)ocn212844020
040 ## - CATALOGING SOURCE
Original cataloging agency DLC
Transcribing agency DLC
Modifying agency C#P
-- YDXCP
-- BWX
-- CDX
-- UKM
-- DLC
050 00 - LIBRARY OF CONGRESS CALL NUMBER
Classification number HT361
Item number .U727 2010
082 00 - DEWEY DECIMAL CLASSIFICATION NUMBER
Classification number 363.209173/2
Edition number 22
245 00 - TITLE STATEMENT
Title Urbanization, policing, and security :
Remainder of title global perspectives /
Statement of responsibility, etc. edited by Gary Cordner, AnnMarie Cordner, Dilip K. Das.
260 ## - PUBLICATION, DISTRIBUTION, ETC.
Place of publication, distribution, etc. Boca Raton :
Name of publisher, distributor, etc. CRC Press :
-- International Police Executive Symposium,
Date of publication, distribution, etc. c2010.
300 ## - PHYSICAL DESCRIPTION
Extent xiv, 461 p. :
Other physical details ill., maps ;
Dimensions 25 cm.
504 ## - BIBLIOGRAPHY, ETC. NOTE
Bibliography, etc. note Includes bibliographical references and index.
650 #0 - SUBJECT ADDED ENTRY--TOPICAL TERM
Topical term or geographic name entry element Urbanization.
650 #0 - SUBJECT ADDED ENTRY--TOPICAL TERM
Topical term or geographic name entry element Community policing.
650 #0 - SUBJECT ADDED ENTRY--TOPICAL TERM
Topical term or geographic name entry element Security, International.
700 1# - ADDED ENTRY--PERSONAL NAME
Personal name Cordner, Gary W.
700 1# - ADDED ENTRY--PERSONAL NAME
Personal name Cordner, AnnMarie.
700 1# - ADDED ENTRY--PERSONAL NAME
Personal name Das, Dilip K.,
Dates associated with a name 1941-
856 42 - ELECTRONIC LOCATION AND ACCESS
Materials specified Publisher description
Uniform Resource Identifier <a href="http://www.loc.gov/catdir/enhancements/fy0913/2009018491-d.html">http://www.loc.gov/catdir/enhancements/fy0913/2009018491-d.html</a>
906 ## - LOCAL DATA ELEMENT F, LDF (RLIN)
a 7
b cbc
c orignew
d 1
e ecip
f 20
g y-gencatlg
942 ## - ADDED ENTRY ELEMENTS (KOHA)
Source of classification or shelving scheme
Koha item type Book
Holdings
Withdrawn status Lost status Damaged status Not for loan Collection code Permanent Location Current Location Shelving location Date acquired Total Checkouts Full call number Barcode Date last seen Price effective from Koha item type
          Centre for International Peace & Stability (CIPS) Centre for International Peace & Stability (CIPS) General Stacks 08/20/2013   363.2 URB 2010 CIPS0000342 08/20/2013 01/05/2017 Book
© 2023 Central Library, National University of Sciences and Technology. All Rights Reserved.